Law is a bottomless-pit : Exemplify'd in the case of the Lord Strutt, John Bull, Nicholas Frog, and Lewis Baboon, who spent all they had in a law-suit /

Bibliographic Details
Main Author: Arbuthnot, John, 1667-1735
Other Authors: Swift, Jonathan, 1667-1745 (supposed author.), Morphew, John (Printer)
Format: Book
Language:English
Published: London : Printed for John Morphew, near Stationer's-Hall, 1712.
Edition:The fourth edition.
Subjects:

MARC

Tag First Indicator Second Indicator Subfields
LEADER 00000cam a2200000Ii 4500
001 in00004036633
005 20181024084150.0
008 870511s1712 enk 000 0 eng d
035 |a (OCoLC)ocm15670714 
035 |a (OCoLC)15670714 
040 |a IUF  |b eng  |c IUF  |d NOC  |d OCL  |d OCLCQ  |d OCLCG  |d FQG  |d OCLCF  |d OCLCQ  |d OCL  |d OCLCA  |d TXA  |d UtOrBLW 
043 |a e-uk--- 
049 |a TXAM 
050 4 |a DA432 1712  |b .A685 
090 |a DA495 1712  |b .A64 
100 1 |a Arbuthnot, John,  |d 1667-1735.  |0 http://id.loc.gov/authorities/names/n50023130 
245 1 0 |a Law is a bottomless-pit :  |b Exemplify'd in the case of the Lord Strutt, John Bull, Nicholas Frog, and Lewis Baboon, who spent all they had in a law-suit /  |c printed from a manuscript found in the cabinet of the famous Sir Humphrey Polesworth. 
246 3 |a History of John Bull 
250 |a The fourth edition. 
264 1 |a London :  |b Printed for John Morphew, near Stationer's-Hall,  |c 1712. 
300 |a 24 pages ;  |c 18 cm (octavo) 
336 |a text  |b txt  |2 rdacontent 
337 |a unmediated  |b n  |2 rdamedia 
338 |a volume  |b nc  |2 rdacarrier 
500 |a A political satire ascribed to Arbuthnot, both by Swift and Pope. Cf. Dict. nat. biog. 
500 |a "Also attributed to Jonathan Swift."--Evans, Am. bibl. 
500 |a Variant 2: Colon after London, page 24 numbered correctly. 
500 |a Price from imprint: "Price 3d." 
500 |a Publisher's advertisement on page 24. 
500 |a Signatures: A-C⁴. 
500 |a This is part one of five successively published parts: commonly called Law is a bottomless pit, or, The history of John Bull; a satire on the War of the Spanish Succession. 
500 |a The Cushing Library/Rare Books copy was acquired as part of the Lois Goddard Morrison Collection of Eighteenth Century Literature.  |5 TXA 
500 |a The Cushing Library/Rare Books Collection copy is bound with: Law is a bottomless-pit -- John Bull in his senses -- John Bull still in his senses -- Lewis Baboon turned honest, and John Bull, politician -- Appendix to John Bull still in his senses.  |5 TXA 
510 4 |a ESTC,  |c T37608 
650 0 |a Spanish Succession, War of, 1701-1714  |v Humor  |v Early works to 1800. 
651 0 |a Great Britain  |x Politics and government  |y 1702-1714  |v Pamphlets. 
651 0 |a Great Britain  |x History  |y Anne, 1702-1714  |v Pamphlets. 
651 0 |a Great Britain  |x History  |v Humor. 
650 0 |a Political satire, English  |v Early works to 1800. 
650 7 |a Political satire, English.  |2 fast  |0 (OCoLC)fst01069743 
650 7 |a Politics and government.  |2 fast  |0 (OCoLC)fst01919741 
651 7 |a Great Britain.  |2 fast  |0 (OCoLC)fst01204623 
648 7 |a 1702-1714  |2 fast 
655 7 |a History.  |2 fast  |0 (OCoLC)fst01411628 
655 7 |a Humor.  |2 fast  |0 (OCoLC)fst01423696 
655 7 |a Pamphlets.  |2 fast  |0 (OCoLC)fst01423837 
700 1 |a Swift, Jonathan,  |d 1667-1745,  |e supposed author.  |0 http://id.loc.gov/authorities/names/n78096912 
700 1 |a Morphew, John,  |e printer.  |0 http://id.loc.gov/authorities/names/nr93027031 
752 |a Great Britain  |c England  |d London. 
948 |a cataloged  |b h  |c 2018/8/20  |d enhance  |e fpiscitelli  |f 11:33:46 am 
994 |a C0  |b TXA 
999 f f |s 8115871e-0401-39a7-ae0c-0fc582e13581  |i 006f5164-c250-3d7d-81a9-3d88787b0f12  |t 0 
952 f f |p noncirc  |a Texas A&M University  |b College Station  |c Cushing Memorial Library & Archives  |d Cushing: Rare Books (Does not check out)  |t 0  |e DA495 1712 .A64  |h Library of Congress classification  |i unmediated -- volume 
998 f f |a DA495 1712 .A64  |t 0  |l Cushing: Rare Books (Does not check out)